书目信息 |
| 题名: |
极度驾驭
|
|
| 作者: | 戈恩 著 ;崔贵子 译 | |
| 分册: | ||
| 出版信息: | 上海 上海社会科学院出版社 2004.01 |
|
| 页数: | 235页 | |
| 开本: | 22cm | |
| 丛书名: | ||
| 单 册: | ||
| 中图分类: | K835.655.38 | |
| 科图分类: | ||
| 主题词: | ||
| 电子资源: | ||
| ISBN: | 7-80681-320-9 | |
| 000 | 01189nam0 22002897 450 | |
| 001 | 192004003770 | |
| 005 | 20070906124626.45 | |
| 010 | @a7-80681-320-9@dCNY25.00 | |
| 100 | @a20070602d2004 ekmy0chiy0121 ea | |
| 101 | 1 | @achi@cfre |
| 102 | @aCN@b310000 | |
| 105 | @aa z 000ya | |
| 200 | 1 | @a极度驾驭@Aji du jia yu@d= Renaissance@e日产的"文艺复兴"@e汽车业巨擘卡洛斯·戈恩自传@f卡洛斯·戈恩著@g崔贵子译@zeng |
| 210 | @a上海@c上海社会科学院出版社@d2004.01 | |
| 215 | @a235页@c图@d22cm | |
| 300 | @a其他题名:日产的文艺复兴 | |
| 300 | @a并列题名:Renaissance | |
| 330 | @a本书描叙了卡洛斯·戈恩在米其林、雷诺、日产的生活经历和奋斗过程。书中不仅总结了洛斯式的管理经验和经营理念,还从诸多层面展现了卡洛斯的人格魅力和成功历程,堪称是一部洛斯的传奇故事,一部日产汽车的复兴史诗,一部指导当代人成功的优秀教材。 | |
| 510 | 1 | @aRenaissance@zeng |
| 517 | 1 | @a日产的文艺复兴@Ari chan de wen yi fu xing |
| 517 | 1 | @a汽车业巨擘卡洛斯·戈恩自传@Aqi che ye ju bo ka luo si· ge en zi zhuan |
| 600 | 1 | @a戈恩,@Age en@bC.@x生平事迹 |
| 690 | @aK835.655.38@v4 | |
| 701 | 1 | @a戈恩@Age en@e法@4著 |
| 702 | 0 | @a崔贵子@Acui gui zi@4译 |
| 801 | 0 | @aCN@c20070906 |
| 905 | @dK835.655.38@eG232 | |
| 极度驾驭= Renaissance:日产的"文艺复兴":汽车业巨擘卡洛斯·戈恩自传/卡洛斯·戈恩著/崔贵子译.-上海:上海社会科学院出版社,2004.01 |
| 235页:图;22cm |
| 其他题名:日产的文艺复兴.-并列题名:Renaissance |
| ISBN 7-80681-320-9:CNY25.00 |
| 本书描叙了卡洛斯·戈恩在米其林、雷诺、日产的生活经历和奋斗过程。书中不仅总结了洛斯式的管理经验和经营理念,还从诸多层面展现了卡洛斯的人格魅力和成功历程,堪称是一部洛斯的传奇故事,一部日产汽车的复兴史诗,一部指导当代人成功的优秀教材。 |
| ● |
| 相关链接 |
|
|
|
正题名:极度驾驭
索取号:K835.655.38/G232
 
预约/预借
| 序号 | 登录号 | 条形码 | 馆藏地/架位号 | 状态 | 备注 |
| 1 | 625791 | 206257913 | 社科库309/ [索取号:K835.655.38/G232] | 在馆 | |
| 2 | 625792 | 206257922 | 社科库309/309社科库 1排3列6层/ [索取号:K835.655.38/G232] | 在馆 |